Language Family Sorting Gallery Quiz Stats

 Plays Quiz Updated Jun 26, 2017

Support Sporcle.
Go Orange.
Score 0/30 Timer 06:00
5 Plays Today
% Correct
Dutch
86.2%
Irish
80.7%
Latin
80.1%
Persian
79.5%
English
77.5%
Welsh
76.2%
Danish
75.9%
Cornish
73.6%
French
73.3%
Pashto
72.7%
Portuguese
68.8%
Kurdish
68.8%
Breton
65.6%
Latvian
63.4%
Bulgarian
60.1%
% Correct
Czech
59.7%
Romanian
59.6%
Gujarati
59.4%
Russian
57%
Estonian
55.9%
Afrikaans
54.7%
Finnish
52.2%
Hungarian
51.1%
Galician
49%
Icelandic
44.7%
Manx
44.1%
Sami
43%
Moksha
30.7%
Romani
30.7%
Silesian
22%

You're not logged in!

Compare scores with friends on all Sporcle quizzes.
OR
Log In
Forgot?

From the Vault

Name Dropping II

by sproutcm

This is one way to show people how hip you are.
Remove Ads.
Support Sporcle.
Get the best of Sporcle when you Go Orange. This ad-free experience offers more features, more stats, and more fun while also helping to support Sporcle. Thank you for becoming a member.

Show Comments

Extras

Top Quizzes Today


Score Distribution

Your Account Isn't Verified!

In order to create a playlist on Sporcle, you need to verify the email address you used during registration. Go to your Sporcle Settings to finish the process.

Report this User

Report this user for behavior that violates our Community Guidelines.

Details: